000 02580nam a2200337 c 4500
001 1264
003 gtuscu
005 20250825114253.0
007 ta
008 250821e2011 gt d|||| |||| 00| 0 spa d
020 _a9789929592025
040 _agtuscu
_bspa
_cgtuscu
_dgtuscu
_erda
082 0 4 _a333.7 T327
245 1 _aTerritorio y región :
_bagua, drenajes y recursos naturales en Guatemala /
_c Luis Rafael Valladares Vielman
264 1 _aGuatemala :
_bUniversidad de San Carlos de Guatemala, Centro de Estudios Urbanos y Regionales,
_c2011.
300 _a238 páginas :
_bgráficas ;
_c13.5 cm
336 _2rdacontenido
_atexto
_btxt
337 _2rdamedio
_asin mediación
_bn
338 _2rdasoporte
_avolumen
_bnc
490 _aTerritorio y Regionalización en Guatemala ;
_vvolumen VII
500 _aLa presente publicación es una compilación que recoge cinco trabajos.
520 3 _aEl ambiente y los recursos naturales son temas que no son ajenos al estudio de lo territorial y lo regional. En el libro que el lector tiene en sus manos, se encuentran las investigaciones realizadas en el CEUR por tres investigadores: Luis Rafael Valladares Vielman se ocupa del estudio del territorio, la regionalización, el paisaje y el espacio; Nicolás de Jesús Guzmán Sáenz estudia los servicios de agua y de drenaje, sus antecedentes históricos, y un análisis estadístico de su cobertura; César Augusto Castañeda Salguero para finalizar presenta tres apartados, en el primero explica su enfoque acerca de la interacción naturaleza y sociedad, en el segundo expone las causas del deterioro de los lagos y lagunas en Guatemala y en el último apartado expone el caso específico del Lago de Atitlan, con sus características históricas, socio geográficas, culturales y las actividades económicas de sus alrededores. El contenido del libro invita a reflexionar sobre lo expresado por César Augusto Castañeda Salguero: "Los problemas ambientales se derivan del seno de la sociedad y se resolverán en la medida que ésta viva transformaciones que conduzcan a relaciones más armónicas y favorables con la naturaleza en su conjunto".
650 1 4 _2LEMB
_aRecursos naturales
_zGuatemala
650 1 4 _2LEMB
_acontaminación ambiental
650 1 4 _2LEMB
_aLago de Atitlán
650 1 4 _2LEMB
_aCuencas hidrográficas
700 1 _aValladares Vielman, Luis Rafael
_ecreador y editor
700 1 _aGuzmán Sáenz, Nicolás de Jesús
_ecreador
700 1 _aCastañeda Salguero, César
_ecreador
942 _2ddc
_cBK
_hCEUR 333.7 T327
_n0
999 _c1264
_d1264